[Event "Sparkassen-Open A"]
[Site "Heusenstamm, Martinsee"]
[Date "2018.11.23"]
[Round "3.77"]
[White "Scharrer, Udo"]
[Black "Schmitt, Clemens"]
[Result "1/2-1/2"]
[WhiteElo "2014"]
[BlackElo "1746"]
[PlyCount "45"]
[EventDate "2018.??.??"]
[WhiteTeam "SV Dicker Turm Esslingen"]
[BlackTeam "SV Bergwinkel"]

1. d4 Nf6 2. c4 g6 3. Nc3 d5 4. cxd5 Nxd5 5. e4 Nxc3 6. bxc3 Bg7 7. Qa4+ Nd7 8.
Nf3 O-O 9. Be2 c5 10. Be3 Nf6 11. Nd2 Ng4 12. Bxg4 Bxg4 13. O-O Be2 14. Rfe1
Bd3 15. e5 b5 16. Qa3 c4 17. Qb2 Qd5 18. a4 Rfb8 19. axb5 Rxb5 20. Qa3 Rb7 21.
Ra2 f6 22. exf6 Bxf6 23. Qa5 1/2-1/2

[Event "Sparkassen-Open A"]
[Site "Heusenstamm, Martinsee"]
[Date "2018.11.23"]
[Round "3.78"]
[White "HÃ¤nselmann, Hendrik"]
[Black "Yankelevich, Michael"]
[Result "0-1"]
[WhiteElo "1705"]
[BlackElo "1978"]
[PlyCount "164"]
[EventDate "2018.??.??"]
[WhiteTeam "Karlsruher SF"]
[BlackTeam "SG Trier"]

1. e4 c5 2. Nf3 e6 3. d4 cxd4 4. Nxd4 Bc5 5. Nb3 Bb6 6. Nc3 Ne7 7. Be2 Nbc6 8.
O-O O-O 9. Bf4 d5 10. exd5 Nxd5 11. Nxd5 exd5 12. c3 Be6 13. Re1 Qf6 14. Bg3
Rad8 15. Bf3 d4 16. cxd4 Nxd4 17. Nxd4 Bxd4 18. Qa4 Bxb2 19. Rab1 Rd2 20. Bxb7
Bf5 21. Re8 Rd8 22. Rxd8 Rxd8 23. Re1 Be6 24. Bc7 Bd4 25. Rf1 Rf8 26. Bd6 Bc4
27. Qxc4 Qxd6 28. Qd5 Qb6 29. Qf3 Rd8 30. Bd5 Rd7 31. Re1 g6 32. h3 Bxf2+ 33.
Qxf2 Qxf2+ 34. Kxf2 Rxd5 35. Re2 f5 36. Rb2 Ra5 37. Kf3 Kg7 38. g3 Kf6 39. Re2
Ra3+ 40. Kf2 h5 41. h4 f4 42. gxf4 Kf5 43. Kg1 Kxf4 44. Kh2 a5 45. Rg2 Kf5 46.
Re2 Kg4 47. Re4+ Kf3 48. Re6 Rxa2+ 49. Kh3 Ra1 50. Kh2 Kg4 51. Re4+ Kf5 52. Re2
a4 53. Rb2 a3 54. Rb5+ Kf4 55. Ra5 a2 56. Ra3 Kg4 57. Ra4+ Kf3 58. Ra3+ Ke2 59.
Ra6 Kd3 60. Ra8 Kc3 61. Ra7 Rd1 62. Rxa2 Rd2+ 63. Rxd2 Kxd2 64. Kh3 Ke3 65. Kg3
Ke4 66. Kg2 Kf4 67. Kh3 Kf3 68. Kh2 Kg4 69. Kg1 Kxh4 70. Kh2 g5 71. Kg2 Kg4 72.
Kh2 Kf4 73. Kg2 g4 74. Kf2 h4 75. Kg2 g3 76. Kh1 h3 77. Kg1 Kf3 78. Kh1 g2+ 79.
Kg1 h2+ 80. Kxh2 Kf2 81. Kh3 g1=Q 82. Kh4 Kf3 0-1

[Event "Sparkassen-Open A"]
[Site "Heusenstamm, Martinsee"]
[Date "2018.11.23"]
[Round "3.79"]
[White "Emig, Nils"]
[Black "Rettig, Helge"]
[Result "1-0"]
[WhiteElo "1686"]
[BlackElo "2007"]
[PlyCount "55"]
[EventDate "2018.??.??"]
[WhiteTeam "SK Marburg"]
[BlackTeam "SF Verl"]

1. Nf3 Nf6 2. c4 e6 3. Nc3 d5 4. d4 Be7 5. Bf4 c6 6. e3 O-O 7. Bd3 Nbd7 8. O-O
Nh5 9. Bg3 Nxg3 10. fxg3 dxc4 11. Bxc4 c5 12. Qc2 cxd4 13. exd4 Nf6 14. Rad1 a6
15. d5 Qb6+ 16. Kh1 Ng4 17. dxe6 Bxe6 18. Bxe6 fxe6 19. Na4 Qa7 20. Qe2 Ne3 21.
Rd7 Nxf1 22. Qxe6+ Kh8 23. Qxe7 Rg8 24. Ne5 h6 25. Nf7+ Kh7 26. Qe4+ g6 27.
Ng5+ Kh8 28. Rh7# 1-0

[Event "Sparkassen-Open A"]
[Site "Heusenstamm, Martinsee"]
[Date "2018.11.23"]
[Round "3.80"]
[White "Werner, Rosalie"]
[Black "Burkhardt, Holger"]
[Result "0-1"]
[WhiteElo "1584"]
[BlackElo "2005"]
[PlyCount "84"]
[EventDate "2018.??.??"]
[WhiteTeam "VSG Offenbach"]
[BlackTeam "SK GieÃŸen"]

1. e4 d6 2. d4 Nf6 3. Nc3 e5 4. Nf3 exd4 5. Nxd4 Be7 6. Be2 O-O 7. Be3 Re8 8.
O-O Bf8 9. f3 d5 10. Bg5 c6 11. Kh1 Be7 12. Bxf6 Bxf6 13. Nb3 Bxc3 14. bxc3
dxe4 15. Qxd8 Rxd8 16. fxe4 Nd7 17. Rad1 Re8 18. Bd3 Ne5 19. h3 Be6 20. Nc5 Re7
21. Nxe6 Rxe6 22. Rd2 Rd8 23. Rfd1 Red6 24. Kg1 c5 25. c4 Nxc4 26. Bxc4 Rxd2
27. Rxd2 Rxd2 28. Bd3 c4 29. Bxc4 Rxc2 30. Bd5 b5 31. Kf1 Kf8 32. Kg1 f6 33.
Kh2 Ke7 34. Kg3 Kd6 35. Kf3 Ke5 36. g3 Rc3+ 37. Kg4 a5 38. Kh4 a4 39. Kh5 Rxg3
40. h4 Kf4 41. Bc6 Rg6 42. Bxb5 Rh6# 0-1

[Event "Sparkassen-Open A"]
[Site "Heusenstamm, Martinsee"]
[Date "2018.11.23"]
[Round "3.81"]
[White "Bobrowski, Damian"]
[Black "Vakulenko, Oleksandr"]
[Result "0-1"]
[WhiteElo "1586"]
[BlackElo "1999"]
[PlyCount "68"]
[EventDate "2018.??.??"]
[WhiteTeam "Sandecja Nowy Sacz"]
[BlackTeam "Gambit Kiev"]

1. e4 e5 2. Nf3 Nc6 3. Bc4 Nf6 4. d3 h6 5. c3 d6 6. Bb3 g6 7. Nbd2 Bg7 8. Nf1
O-O 9. Ng3 d5 10. Qe2 Be6 11. Bc2 Nd7 12. O-O f5 13. exf5 Bxf5 14. Nxf5 gxf5
15. Ne1 f4 16. f3 Qf6 17. Bd2 a5 18. Bb3 Qf7 19. Qf2 a4 20. Bc2 Kh8 21. Rd1 b6
22. d4 a3 23. Nd3 axb2 24. dxe5 Ncxe5 25. Nxf4 Rxa2 26. Qh4 b1=Q 27. Bxb1 Rxd2
28. Rxd2 Qxf4 29. Qe1 c6 30. Rd4 Qf7 31. Ra4 Nc4 32. Ra7 Re8 33. Qg3 Re7 34.
Ra8+ Nf8 0-1

[Event "Sparkassen-Open A"]
[Site "Heusenstamm, Martinsee"]
[Date "2018.11.23"]
[Round "3.82"]
[White "Flach, Erich"]
[Black "Pohle, Saskia"]
[Result "1-0"]
[WhiteElo "2110"]
[BlackElo "1656"]
[PlyCount "73"]
[EventDate "2018.??.??"]
[WhiteTeam "SV Griesheim"]
[BlackTeam "Muldental Wilkau-HaÃŸlau"]

1. Nf3 Nf6 2. c4 g6 3. Nc3 d5 4. cxd5 Nxd5 5. d4 Bg7 6. e4 Nxc3 7. bxc3 O-O 8.
Rb1 c5 9. Be2 Nc6 10. d5 Ne5 11. Nd2 Qc7 12. c4 Nd7 13. O-O Nb6 14. Bd3 Bd7 15.
Bc2 e6 16. Qf3 Rfe8 17. Bb2 Bxb2 18. Rxb2 Qe5 19. Rbb1 Qd4 20. Bd3 Rac8 21. Nb3
Qe5 22. Na5 Qc7 23. Qf6 Rcd8 24. d6 Qc8 25. e5 Bc6 26. Qh4 Nd7 27. f4 b6 28.
Nxc6 Qxc6 29. Qe1 Qb7 30. Be4 Qb8 31. Rf3 Rc8 32. Rd3 Rcd8 33. Qh4 Qc8 34. Ra3
a5 35. Rh3 h5 36. Qg5 Kh8 37. Rxh5+ 1-0

[Event "Sparkassen-Open A"]
[Site "Heusenstamm, Martinsee"]
[Date "2018.11.23"]
[Round "3.83"]
[White "Seickel, Ralf"]
[Black "Ochs, Daniel Elias"]
[Result "1-0"]
[WhiteElo "2044"]
[BlackElo "1884"]
[PlyCount "107"]
[EventDate "2018.??.??"]
[WhiteTeam "vereinslos"]
[BlackTeam "Wiesbadener SV"]

1. c4 e5 2. g3 Nf6 3. Bg2 Bc5 4. Nc3 Nc6 5. d3 h6 6. Nf3 O-O 7. O-O d6 8. e3
Bb6 9. a3 a5 10. Rb1 Bf5 11. b4 axb4 12. axb4 Qd7 13. b5 Nd8 14. Na4 Bc5 15.
Nxe5 dxe5 16. Nxc5 Qd6 17. Ne4 Nxe4 18. Bxe4 Bxe4 19. dxe4 Qxd1 20. Rxd1 Ne6
21. Bb2 f6 22. f4 Ra2 23. Rd7 b6 24. Re7 Nc5 25. fxe5 fxe5 26. Bxe5 Rff2 27.
Rxg7+ Kf8 28. Rf1 Rxf1+ 29. Kxf1 Nxe4 30. Bd4 Nd2+ 31. Ke2 Nxc4+ 32. Kd3 Nd6
33. Rxc7 Nxb5 34. Rc6 Nxd4 35. Kxd4 Rxh2 36. Rxb6 Rg2 37. Rg6 h5 38. Rg5 Kf7
39. Ke4 Kf6 40. Kf3 Rh2 41. Ra5 Rh1 42. Ke4 Rg1 43. Rxh5 Rxg3 44. Kf4 Rg1 45.
Rh6+ Ke7 46. Kf5 Rf1+ 47. Ke5 Ra1 48. Rh7+ Ke8 49. e4 Ra5+ 50. Kf4 Ra4 51. Kf5
Ra1 52. e5 Rf1+ 53. Ke6 Rf8 54. Ra7 1-0

[Event "Sparkassen-Open A"]
[Site "Heusenstamm, Martinsee"]
[Date "2018.11.23"]
[Round "3.84"]
[White "Poschadel, Andreas Gregor"]
[Black "Benninger, Rudolf"]
[Result "0-1"]
[WhiteElo "1854"]
[BlackElo "2042"]
[PlyCount "98"]
[EventDate "2018.??.??"]
[WhiteTeam "Hamelner SV"]
[BlackTeam "SC Heusenstamm"]

1. d4 g6 2. Nf3 Bg7 3. Bf4 d6 4. e3 Nf6 5. h3 Nc6 6. c3 O-O 7. Nbd2 Nd7 8. Nb3
e5 9. Bh2 e4 10. Nfd2 f5 11. Be2 Nf6 12. Qc2 a5 13. a4 Qe7 14. h4 Kh8 15. Bf4
Be6 16. h5 gxh5 17. Bxh5 Bf7 18. Bxf7 Qxf7 19. Rh4 Nh5 20. Bg5 Bf6 21. Bxf6+
Nxf6 22. Ke2 Rg8 23. g3 Rg4 24. Rh2 Rag8 25. Rah1 R4g5 26. Nc1 Qg6 27. Nf1 Rh5
28. Rh4 Nd8 29. Ke1 Rxh4 30. Rxh4 Ne6 31. Ne2 b6 32. Nd2 Qe8 33. b3 Rg4 34. Rh1
Rg5 35. Ng1 Rh5 36. Rxh5 Qxh5 37. Qd1 Qh2 38. Ke2 Nh5 39. Kf1 Ng5 40. g4 Nh3
41. Nxh3 Qxh3+ 42. Ke1 fxg4 43. Qc2 Qh1+ 44. Ke2 g3 45. Nxe4 g2 46. Ng5 Ng3+
47. fxg3 g1=Q 48. Qf5 Qd1+ 49. Kf2 Qhf1# 0-1

[Event "Sparkassen-Open A"]
[Site "Heusenstamm, Martinsee"]
[Date "2018.11.23"]
[Round "3.85"]
[White "Englert, Jon"]
[Black "Nyenhuis, Yannek"]
[Result "1/2-1/2"]
[WhiteElo "2022"]
[BlackElo "1892"]
[PlyCount "55"]
[EventDate "2018.??.??"]
[WhiteTeam "TV-GroÃŸostheim"]
[BlackTeam "PSV Uelzen"]

1. d4 Nf6 2. c4 c5 3. d5 b5 4. cxb5 a6 5. bxa6 g6 6. Nc3 Bxa6 7. e4 Bxf1 8.
Kxf1 d6 9. g3 Bg7 10. Kg2 Nbd7 11. Qe2 O-O 12. Nf3 Qa5 13. a4 Rfb8 14. Qc2 Ne8
15. Bd2 Nc7 16. Nb5 Qb6 17. Nxc7 Qxc7 18. Bc3 Qb6 19. Rhb1 Qb3 20. Qxb3 Rxb3
21. Nd2 Rb7 22. Bxg7 Kxg7 23. b3 Ne5 24. Rc1 Rb4 25. f4 Nd7 26. Rc4 Rb7 27. Kf3
f5 28. Re1 1/2-1/2

[Event "Sparkassen-Open A"]
[Site "Heusenstamm, Martinsee"]
[Date "2018.11.23"]
[Round "3.86"]
[White "Kolker, Vladislav"]
[Black "Schellen, Sven"]
[Result "1-0"]
[WhiteElo "1999"]
[BlackElo "1865"]
[PlyCount "45"]
[EventDate "2018.??.??"]
[WhiteTeam "SC Bad Nauheim"]
[BlackTeam "SF Frankfurt"]

1. e4 e5 2. f4 d5 3. exd5 e4 4. d3 Nf6 5. Qe2 Bf5 6. Nd2 Qxd5 7. dxe4 Nxe4 8.
g4 Be7 9. gxf5 Nxd2 10. Bg2 Qa5 11. Bxd2 Qb6 12. O-O-O Nc6 13. Bc3 O-O 14. Qg4
f6 15. Bd5+ Kh8 16. Nf3 Rfd8 17. Rhg1 Bf8 18. Bxf6 Rd7 19. Be6 Qe3+ 20. Kb1
Rxd1+ 21. Rxd1 Nd8 22. Rg1 Nxe6 23. fxe6 1-0

[Event "Sparkassen-Open A"]
[Site "Heusenstamm, Martinsee"]
[Date "2018.11.23"]
[Round "3.87"]
[White "Laux, Dominik"]
[Black "Bittner, Peter"]
[Result "1-0"]
[WhiteElo "1973"]
[BlackElo "1869"]
[PlyCount "85"]
[EventDate "2018.??.??"]
[WhiteTeam "VSG Offenbach"]
[BlackTeam "SC Nied"]

1. d4 Nf6 2. Bg5 d5 3. e3 c6 4. Bd3 Nbd7 5. Nf3 e6 6. O-O Be7 7. c4 dxc4 8.
Bxc4 Ne4 9. Bxe7 Qxe7 10. Nbd2 Nxd2 11. Qxd2 O-O 12. Rac1 Rd8 13. Rfd1 b6 14.
Bd3 c5 15. Be4 Rb8 16. dxc5 bxc5 17. Bc6 f6 18. Rc3 Kf8 19. b3 Ba6 20. Qc2 g6
21. Bxd7 Rxd7 22. Rxd7 Qxd7 23. Rxc5 Rc8 24. h3 e5 25. Rxc8+ Qxc8 26. Qxc8+
Bxc8 27. Nd2 Ke7 28. Kf1 Bb7 29. g3 Ke6 30. Ke2 f5 31. f4 exf4 32. exf4 h6 33.
Ke3 Bg2 34. h4 Bc6 35. Kd4 a6 36. Kc5 Bb5 37. Nc4 Kf6 38. a4 Bd7 39. Ne5 Be6
40. b4 g5 41. Kd6 gxh4 42. gxh4 Bb3 43. b5 1-0

[Event "Sparkassen-Open A"]
[Site "Heusenstamm, Martinsee"]
[Date "2018.11.23"]
[Round "3.88"]
[White "Werner, Dimo"]
[Black "Engel, Jan"]
[Result "1/2-1/2"]
[WhiteElo "1993"]
[BlackElo "1859"]
[PlyCount "39"]
[EventDate "2018.??.??"]
[WhiteTeam "TSV Schott Mainz"]
[BlackTeam "Frankfurter TV"]

1. d4 Nf6 2. Nf3 e6 3. g3 Nc6 4. Bg2 Be7 5. O-O O-O 6. c4 d6 7. b3 e5 8. Bb2
Nd7 9. Nc3 Nxd4 10. Nxd4 exd4 11. Qxd4 Bf6 12. Qd2 Rb8 13. Rfd1 b6 14. Nb5 Bxb2
15. Qxb2 a6 16. Na7 Ne5 17. Qxe5 dxe5 18. Rxd8 Rxd8 19. Nc6 Be6 20. Nxb8
1/2-1/2

[Event "Sparkassen-Open A"]
[Site "Heusenstamm, Martinsee"]
[Date "2018.11.23"]
[Round "3.89"]
[White "KÃ¼rschner, Matthias"]
[Black "Hegel, Christoph"]
[Result "1/2-1/2"]
[WhiteElo "1985"]
[BlackElo "1803"]
[PlyCount "250"]
[EventDate "2018.??.??"]
[WhiteTeam "SK Langen"]
[BlackTeam "SC Peiting"]

1. e4 e5 2. Bc4 f5 3. d3 Nf6 4. Nc3 Bb4 5. Bd2 Nc6 6. Nf3 d6 7. Ng5 Rf8 8. Nxh7
Bxc3 9. Bxc3 Rh8 10. Ng5 d5 11. exd5 Nxd5 12. Bxd5 Qxd5 13. Qf3 Qd8 14. Nh3 f4
15. O-O-O Bxh3 16. gxh3 Qd7 17. Bxe5 Nxe5 18. Rhe1 O-O-O 19. Rxe5 Qxh3 20. Qxf4
Qxh2 21. Qxh2 Rxh2 22. Rf5 Rd7 23. Re1 b6 24. a4 a5 25. Kd2 Kb7 26. Re4 Rg2 27.
Ke3 g6 28. Rf6 Rg7 29. Kf3 Rg1 30. Rg4 Rc1 31. Rc4 g5 32. Kg2 Rd1 33. Re6 Rd2
34. Rf6 Rd1 35. Kf3 Rg1 36. Rg4 Rc1 37. Rc4 Rg1 38. b3 g4+ 39. Ke2 g3 40. fxg3
R1xg3 41. Kd2 Rh3 42. Kc3 Rh2 43. Kb2 Re2 44. Rf5 Reg2 45. Rcf4 R2g5 46. Rxg5
Rxg5 47. Rf2 Rh5 48. Kc3 Kc6 49. d4 Rg5 50. Kc4 Rh5 51. Rf6+ Kd7 52. Rg6 Rf5
53. Rg4 Kc6 54. Rh4 Rg5 55. Rh6+ Kd7 56. Rh3 Kc6 57. Kd3 Kd6 58. Rh6+ Kd7 59.
c3 Rg3+ 60. Kc4 Rf3 61. Rh5 Kc6 62. Rh6+ Kd7 63. Rh1 Rf5 64. Rh3 Kc6 65. Re3
Rh5 66. Re6+ Kd7 67. Re5 Rh1 68. Rg5 Rf1 69. Rg2 Rf5 70. Ra2 Kd6 71. Rh2 Rg5
72. Rh6+ Kd7 73. b4 Rf5 74. Rh8 Kc6 75. Ra8 Kb7 76. Re8 axb4 77. Kxb4 Kc6 78.
Re6+ Kd7 79. Re5 Rf1 80. a5 bxa5+ 81. Rxa5 Rf4 82. Kc5 Rf5+ 83. d5 Rh5 84. c4
Rg5 85. Ra8 Rh5 86. Rg8 Rh7 87. Rg6 Rf7 88. Rg5 Rh7 89. Rg4 Rf7 90. Kd4 Rh7 91.
c5 Rh1 92. Rg7+ Kd8 93. Kc4 Rb1 94. Rg3 Kd7 95. Rg7+ Kd8 96. c6 Rc1+ 97. Kd4
Rd1+ 98. Ke5 Re1+ 99. Kf6 Rf1+ 100. Ke6 Re1+ 101. Kf5 Rf1+ 102. Ke4 Re1+ 103.
Kf3 Rd1 104. Rd7+ Kc8 105. Ke4 Re1+ 106. Kf5 Re2 107. Kf6 Re1 108. Kf7 Rf1+
109. Ke8 Re1+ 110. Re7 Rd1 111. Re5 Rd2 112. Ke7 Rd1 113. Ke6 Kd8 114. Kf6 Rf1+
115. Rf5 Rd1 116. Kf7 Rd2 117. Re5 Rf2+ 118. Ke6 Rf1 119. d6 cxd6 120. Kxd6
Rd1+ 121. Rd5 Re1 122. Kc5+ Kc8 123. Rd4 Rc1+ 124. Kd6 Re1 125. Rd2 Rc1 1/2-1/2

[Event "Sparkassen-Open A"]
[Site "Heusenstamm, Martinsee"]
[Date "2018.11.23"]
[Round "3.90"]
[White "Schmidt, Max"]
[Black "Thomele, Michael"]
[Result "1/2-1/2"]
[WhiteElo "1979"]
[BlackElo "1855"]
[PlyCount "65"]
[EventDate "2018.??.??"]
[WhiteTeam "Frankfurter TV"]
[BlackTeam "SC Obernau"]

1. e4 e5 2. Nf3 d6 3. d4 exd4 4. Nxd4 Nf6 5. Nc3 Be7 6. Bf4 a6 7. Be2 c5 8. Nf3
Nc6 9. O-O O-O 10. Re1 Bg4 11. Qd2 Re8 12. Rad1 Bf8 13. Bg5 h6 14. Bxf6 Qxf6
15. Nd5 Qd8 16. Qf4 Be6 17. c3 Bxd5 18. Rxd5 Qc7 19. Rxc5 Rxe4 20. Qxe4 dxc5
21. Bd3 g6 22. Bc4 Kg7 23. Bd5 Rc8 24. h4 Qd6 25. h5 Rc7 26. Bb3 Re7 27. Qg4
Rxe1+ 28. Nxe1 Ne5 29. Qg3 Qf6 30. hxg6 fxg6 31. Bd5 b6 32. Nf3 Nxf3+ 33. Qxf3
1/2-1/2

[Event "Sparkassen-Open A"]
[Site "Heusenstamm, Martinsee"]
[Date "2018.11.23"]
[Round "3.92"]
[White "Modric, Vladimir"]
[Black "HÃ¶hne, Volkmar"]
[Result "1/2-1/2"]
[WhiteElo "1893"]
[BlackElo "1960"]
[PlyCount "81"]
[EventDate "2018.??.??"]
[WhiteTeam "SC Nied"]
[BlackTeam "SV GroÃŸauheim"]

1. d3 d5 2. f4 Nf6 3. Nf3 c6 4. g3 Qb6 5. e3 Bg4 6. Bg2 e6 7. h3 Bxf3 8. Qxf3
Na6 9. a3 Be7 10. O-O Nc5 11. Nc3 a5 12. Kh1 h5 13. e4 dxe4 14. dxe4 a4 15. e5
Ng4 16. Rb1 g6 17. Be3 Nxe3 18. Qxe3 Qc7 19. Ne4 Nxe4 20. Bxe4 Kf8 21. Rbd1 Kg7
22. Qc3 Rhd8 23. g4 hxg4 24. hxg4 Rxd1 25. Rxd1 Rd8 26. Rf1 Rh8+ 27. Kg2 f5 28.
gxf5 gxf5 29. Bf3 Qd8 30. Rg1 Rh6 31. Kf1+ Rg6 32. Rxg6+ Kxg6 33. Be2 Qd5 34.
Qg3+ Kh7 35. Qh2+ Kg7 36. Bh5 Qc4+ 37. Ke1 Qe4+ 38. Kd1 Qd4+ 39. Kc1 Bc5 40.
Qg3+ Kf8 41. Qg6 1/2-1/2

[Event "Sparkassen-Open A"]
[Site "Heusenstamm, Martinsee"]
[Date "2018.11.23"]
[Round "3.93"]
[White "Tuzi, Bruna"]
[Black "Hochmuth, Christian"]
[Result "1-0"]
[WhiteElo "1866"]
[BlackElo "1907"]
[PlyCount "127"]
[EventDate "2018.??.??"]
[WhiteTeam "SK GieÃŸen"]
[BlackTeam "SG WÃ¤chtersbach"]

1. e4 c6 2. d4 d5 3. e5 c5 4. c3 Nc6 5. Nf3 cxd4 6. cxd4 Bg4 7. Be2 e6 8. O-O
Bxf3 9. gxf3 Qb6 10. Be3 Qxb2 11. Nd2 Qb6 12. Rb1 Qc7 13. Qa4 Nge7 14. Rfc1 f6
15. exf6 gxf6 16. Nb3 Kf7 17. Nc5 Rb8 18. Bb5 Bg7 19. Rb2 Rhg8 20. Re2 Bh6+ 21.
Kh1 Bxe3 22. fxe3 a6 23. Bxc6 Qxc6 24. Qxc6 bxc6 25. Nxa6 Rb6 26. Nc5 Rgb8 27.
a4 Rb1 28. Rec2 Nf5 29. a5 Nxe3 30. Rc3 Nf5 31. a6 Nxd4 32. Nd7 Rxc1+ 33. Rxc1
Ra8 34. Ra1 Nb5 35. Nb6 Rb8 36. Nd7 Ra8 37. Nb6 Rb8 38. a7 Nxa7 39. Rxa7+ Kg6
40. Ra6 Kf5 41. Kg2 c5 42. Nd7 Rb2+ 43. Kg3 c4 44. Nf8 Re2 45. Rc6 h6 46. h3 h5
47. h4 Re1 48. Kf2 Rh1 49. Nxe6 Rxh4 50. Kg2 Ke5 51. Nf8 Rd4 52. Nd7+ Kf4 53.
Rxf6+ Ke3 54. Re6+ Kd2 55. Nc5 Kc2 56. Re2+ Rd2 57. Rxd2+ Kxd2 58. f4 Ke3 59.
f5 d4 60. f6 d3 61. f7 c3 62. f8=Q Kd4 63. Qd6+ Kc4 64. Qxd3+ 1-0

[Event "Sparkassen-Open A"]
[Site "Heusenstamm, Martinsee"]
[Date "2018.11.23"]
[Round "3.94"]
[White "Reinhard, Ralf-Peter"]
[Black "Riemann, Jonas"]
[Result "0-1"]
[WhiteElo "1943"]
[BlackElo "1761"]
[PlyCount "68"]
[EventDate "2018.??.??"]
[WhiteTeam "vereinslos"]
[BlackTeam "SK Bickenbach"]

1. d4 Nf6 2. Nf3 e6 3. e3 d5 4. Bd3 c5 5. O-O Nc6 6. c3 Be7 7. Nbd2 O-O 8. Qe2
b6 9. b3 Bb7 10. Bb2 Rc8 11. Rac1 cxd4 12. Nxd4 Ne5 13. Bb5 Ne4 14. N2f3 Nxf3+
15. Nxf3 Bf6 16. Nd4 Qe7 17. Ba6 Rfd8 18. Rfd1 Nc5 19. Bxb7 Qxb7 20. Kf1 e5 21.
Nf3 e4 22. Ne1 Qc7 23. Kg1 Qe5 24. Ba1 Qe6 25. Bb2 Be5 26. Rd2 Rd6 27. Ba3 Rdc6
28. Rcd1 Bxc3 29. Rxd5 Nd3 30. Nxd3 Qxd5 31. Nb4 Qxd1+ 32. Qxd1 Bxb4 33. Bb2
Rc2 34. a3 Bd2 0-1

[Event "Sparkassen-Open A"]
[Site "Heusenstamm, Martinsee"]
[Date "2018.11.23"]
[Round "3.95"]
[White "Diehl, Stefan"]
[Black "Boder, Jan"]
[Result "0-1"]
[WhiteElo "1859"]
[BlackElo "1896"]
[PlyCount "64"]
[EventDate "2018.??.??"]
[WhiteTeam "SC HÃ¶chst"]
[BlackTeam "SG MÃ¶rsdorf-Lahr"]

1. f4 d5 2. Nf3 c5 3. e3 Nc6 4. b3 Nf6 5. Bb5 Qb6 6. Bxc6+ bxc6 7. Bb2 Ba6 8.
Ne5 e6 9. Nc3 Bd6 10. Na4 Qc7 11. Ng4 Qe7 12. d3 Nxg4 13. Qxg4 f6 14. c4 h5 15.
Qf3 Bb7 16. O-O Kf7 17. Be5 d4 18. Bxd6 Qxd6 19. e4 Qe7 20. Rae1 Rag8 21. Qg3
Rh6 22. e5 h4 23. Qf2 f5 24. Qd2 g5 25. Re2 gxf4 26. Qxf4 Rhg6 27. Qd2 Rg4 28.
Qa5 R8g7 29. Qxa7 Kg8 30. Qa5 Qg5 31. Qd2 Rxg2+ 32. Kh1 Rg1+ 0-1

[Event "Sparkassen-Open A"]
[Site "Heusenstamm, Martinsee"]
[Date "2018.11.23"]
[Round "3.96"]
[White "Heppert, Lars"]
[Black "HÃ¶lÃŸ, Manuel"]
[Result "1/2-1/2"]
[WhiteElo "1940"]
[BlackElo "1724"]
[PlyCount "27"]
[EventDate "2018.??.??"]
[WhiteTeam "SK Neuburg"]
[BlackTeam "SSG Hungen-Lich"]

1. c4 f5 2. Nc3 Nf6 3. g3 g6 4. Bg2 Bg7 5. d3 O-O 6. e4 fxe4 7. dxe4 d6 8. Nge2
e5 9. O-O Na6 10. h3 Nc5 11. Be3 Ne6 12. Qb3 c5 13. Qd1 h6 14. f4 1/2-1/2

[Event "Sparkassen-Open A"]
[Site "Heusenstamm, Martinsee"]
[Date "2018.11.23"]
[Round "3.97"]
[White "Kuhn, Gerhard"]
[Black "Marzec, Witold"]
[Result "1-0"]
[WhiteElo "1932"]
[BlackElo "1715"]
[PlyCount "51"]
[EventDate "2018.??.??"]
[WhiteTeam "SK Marburg"]
[BlackTeam "vereinslos"]

1. e4 c5 2. c3 d6 3. d4 Qc7 4. Be3 b6 5. Bb5+ Bd7 6. a4 a6 7. Bd3 Nf6 8. Nd2 e6
9. f3 Be7 10. Ne2 O-O 11. O-O Nc6 12. Qe1 e5 13. d5 Nd8 14. h3 Nb7 15. c4 Ne8
16. g4 g5 17. Ng3 Ng7 18. Kg2 f6 19. Rh1 Kf7 20. h4 h6 21. hxg5 hxg5 22. Rh7
Rh8 23. Qh1 Rxh7 24. Qxh7 Qd8 25. Nf5 Qg8 26. Nh6+ 1-0

[Event "Sparkassen-Open A"]
[Site "Heusenstamm, Martinsee"]
[Date "2018.11.23"]
[Round "3.98"]
[White "Reinhold, GÃ¼nther"]
[Black "Voss, Georg"]
[Result "0-1"]
[WhiteElo "1833"]
[BlackElo "1921"]
[PlyCount "108"]
[EventDate "2018.??.??"]
[WhiteTeam "Frankfurter TV"]
[BlackTeam "SV Schmallenberg"]

1. e4 d5 2. exd5 Qxd5 3. Nc3 Qd8 4. d4 Nf6 5. Nf3 g6 6. Be2 Bg7 7. O-O c6 8. h3
O-O 9. Ne5 Be6 10. f4 Nbd7 11. Be3 Nb6 12. Qd2 Nfd5 13. Nxd5 Nxd5 14. c4 Nxe3
15. Qxe3 Qb6 16. Kh1 Rad8 17. Rfd1 Bc8 18. b3 f6 19. c5 Qc7 20. Bc4+ e6 21. Nf3
Kh8 22. Re1 Rde8 23. Rad1 Bh6 24. g3 Bg7 25. Qc3 g5 26. Qe3 gxf4 27. gxf4 Bh6
28. Qe4 Qxf4 29. Qxf4 Bxf4 30. Re4 e5 31. dxe5 fxe5 32. Rg1 Bf5 33. Ree1 e4 34.
Ng5 Bxg5 35. Rxg5 Bxh3 36. Rg3 Bf5 37. Rge3 Bg6 38. Bf1 Rf4 39. Bg2 Kg7 40. Rd1
Re7 41. Kg1 Kf6 42. Rd6+ Kg5 43. Rd4 Rg4 44. Kf2 Kf4 45. Re1 Ke5 46. Rd8 Rf7+
47. Kg1 Bf5 48. Re8+ Kd4 49. b4 Rfg7 50. Re2 e3 51. Rd8+ Kc4 52. Kh2 Rh4+ 53.
Kg1 Be4 54. Kf1 Bd3 0-1

[Event "Sparkassen-Open A"]
[Site "Heusenstamm, Martinsee"]
[Date "2018.11.23"]
[Round "3.99"]
[White "Schmitt, Carsten"]
[Black "Schlemminger, Degenhard"]
[Result "1-0"]
[WhiteElo "1913"]
[BlackElo "1673"]
[PlyCount "73"]
[EventDate "2018.??.??"]
[WhiteTeam "SV Bergwinkel"]
[BlackTeam "SV Reutlingen"]

1. c4 c5 2. g3 Nc6 3. Bg2 g6 4. Nc3 Bg7 5. a3 Nf6 6. e4 d6 7. Nge2 Rb8 8. Rb1
O-O 9. O-O a6 10. b4 Ne5 11. d3 cxb4 12. Rxb4 Nc6 13. Rb1 Qa5 14. Bd2 Qc7 15.
Be3 Nd7 16. Nd5 Qd8 17. Nb6 Nxb6 18. Bxb6 Qd7 19. h3 e5 20. f4 f6 21. f5 Rf7
22. Qd2 gxf5 23. exf5 Re7 24. g4 Bf8 25. Ng3 Kh8 26. Nh5 Rf7 27. Bd5 Nd4 28.
Qf2 Bg7 29. Bxd4 exd4 30. Bxf7 Qxf7 31. Qxd4 Qe7 32. Rfe1 Qd8 33. Rb6 h6 34.
Rxd6 Qc7 35. Re8+ Kh7 36. Qd5 Bxf5 37. Qxf5# 1-0

[Event "Sparkassen-Open A"]
[Site "Heusenstamm, Martinsee"]
[Date "2018.11.23"]
[Round "3.100"]
[White "Nickel, Jonas"]
[Black "Reinecke, Katharina"]
[Result "1/2-1/2"]
[WhiteElo "1788"]
[BlackElo "1917"]
[PlyCount "42"]
[EventDate "2018.??.??"]
[WhiteTeam "SG WÃ¤chtersbach"]
[BlackTeam "SK Langen"]

1. e4 c6 2. d4 d5 3. Nd2 dxe4 4. Nxe4 Bf5 5. Ng3 Bg6 6. Nf3 Nd7 7. h4 h6 8. h5
Bh7 9. Bd3 Bxd3 10. Qxd3 e6 11. c3 Ngf6 12. O-O Be7 13. b4 O-O 14. Bd2 Qc7 15.
c4 Rfd8 16. c5 Nd5 17. Rab1 Nf4 18. Qe4 Nd5 19. Rfd1 N7f6 20. Qe1 Nf4 21. b5 a5
1/2-1/2

[Event "Sparkassen-Open A"]
[Site "Heusenstamm, Martinsee"]
[Date "2018.11.23"]
[Round "3.101"]
[White "Rabiya, Karim"]
[Black "Deppe, Leo Max"]
[Result "1-0"]
[WhiteElo "1754"]
[BlackElo "1895"]
[PlyCount "121"]
[EventDate "2018.??.??"]
[WhiteTeam "SK Niederbrechen"]
[BlackTeam "SC Bad Soden"]

1. e4 c5 2. Nf3 d6 3. d4 cxd4 4. Nxd4 Nf6 5. Nc3 Nc6 6. Be2 e5 7. Nb3 Be7 8.
Be3 O-O 9. g4 a5 10. g5 Nd7 11. h4 a4 12. Nd2 a3 13. Nc4 axb2 14. Rb1 Nc5 15.
Rxb2 Be6 16. Bxc5 dxc5 17. Rxb7 Bxc4 18. Bxc4 Qa5 19. Qd2 Nd4 20. Rh3 Bd8 21.
Kd1 Qa3 22. Qe3 Ba5 23. Nd5 Qa4 24. Bb3 Nxb3 25. axb3 Qa1+ 26. Ke2 Qe1+ 27. Kf3
Qf1 28. Kg4 Qd1+ 29. Qf3 Qxc2 30. Qf5 Qe2+ 31. Rf3 f6 32. gxf6 g6 33. f7+ Kg7
34. Qf6+ Kh6 35. Qxe5 Bd8 36. Qe8 Bxh4 37. Qe5 Bd8 38. Kf4 Qd2+ 39. Ne3 Bh4 40.
Kg4 Qd8 41. Kh3 g5 42. Rf6+ Kh5 43. Ng2 Qd3+ 44. Ne3 Bxf2 45. Rxf2 Qxe3+ 46.
Kg2 Kh4 47. Rb6 h5 48. Rbf6 Qh3+ 49. Kg1 Qg3+ 50. Qxg3+ Kxg3 51. e5 Ra1+ 52.
Rf1 Ra2 53. R1f3+ Kg4 54. e6 Re2 55. Kf1 Re5 56. Kf2 h4 57. Re3 Rxe3 58. Kxe3
h3 59. e7 h2 60. Rh6 Rxf7 61. e8=Q 1-0

[Event "Sparkassen-Open A"]
[Site "Heusenstamm, Martinsee"]
[Date "2018.11.23"]
[Round "3.102"]
[White "BÃ¼se, Ralf"]
[Black "Stolle, Hendrik"]
[Result "1/2-1/2"]
[WhiteElo "1906"]
[BlackElo "1614"]
[PlyCount "41"]
[EventDate "2018.??.??"]
[WhiteTeam "SC Ladja RoÃŸdorf"]
[BlackTeam "TG Biberach"]

1. d4 g6 2. Bf4 Bg7 3. Nf3 d6 4. e3 Nf6 5. h3 c6 6. Nbd2 Nbd7 7. Be2 Qa5 8. O-O
O-O 9. c3 b5 10. a4 Qb6 11. a5 Qc7 12. c4 a6 13. c5 Nd5 14. Bh2 e5 15. cxd6
Qxd6 16. Rc1 Bb7 17. Ne4 Qe7 18. dxe5 Nxe5 19. Nxe5 Bxe5 20. Bxe5 Qxe5 21. Nc5
1/2-1/2